000 00330nam a22001337a 4500
003 MPLRDC
005 20220104184755.0
008 210129b ||||| |||| 00| 0 eng d
082 _aDISC
100 _a张德芬旁白主讲
245 _a活出全新的自己: 禅尘--1 DISC
_c
650 _a长篇小说
942 _cCDA
_oDISC
999 _c63027
_d63017